Central Library OPAC University of Rajshahi

Walden, or, Life in the woods / (Record no. 85015)

MARC details
000 -LEADER
fixed length control field 00853nam a2200241 a 4500
001 - CONTROL NUMBER
control field 85015
003 - CONTROL NUMBER IDENTIFIER
rucl marc code BD-RjUL
005 - DATE AND TIME OF LATEST TRANSACTION
control field 20250619142400.0
008 - FIXED-LENGTH DATA ELEMENTS--GENERAL INFORMATION
fixed length control field 250619s1969 nyua 000 0 eng d
035 ## - SYSTEM CONTROL NUMBER
System control number (BD-RjUL)85015
040 ## - CATALOGING SOURCE
Original cataloging agency ANL
Language of cataloging eng
Transcribing agency ANL
Modifying agency BD-RjU
041 ## - LANGUAGE CODE
Language code of text/sound track or separate title eng
082 04 - DEWEY DECIMAL CLASSIFICATION NUMBER
Classification number 818.303
Author mark and year THW 1969
Edition number 21
100 1# - MAIN ENTRY--PERSONAL NAME
Personal name Thoreau, Henry David,
Dates associated with a name 1817-1862.
9 (RLIN) 70613
245 10 - TITLE STATEMENT
Title Walden, or, Life in the woods /
Statement of responsibility, etc. by Henry David Thoreau
260 ## - PUBLICATION, DISTRIBUTION, ETC. (IMPRINT)
Place of publication, distribution, etc. N.Y. :
Name of publisher, distributor, etc. A menter books,
Date of publication, distribution, etc. 1969
300 ## - PHYSICAL DESCRIPTION
Pagination 221 p. :
Size 19 cm.
600 ## - SUBJECT ADDED ENTRY--PERSONAL NAME
Personal name Thoreau, Henry David,
Dates associated with a name 1817-1862
General subdivision Homes and haunts
Geographic subdivision Massachusetts. Walden Woods
650 ## - SUBJECT ADDED ENTRY--TOPICAL TERM
Topical term or geographic name as entry element Authors, American
9 (RLIN) 90139
Form subdivision Biography
Chronological subdivision 19th century
Topical term or geographic name as entry element Natural history
9 (RLIN) 90140
Geographic subdivision Massachusetts
-- Walden Woods
Topical term or geographic name as entry element Walden Woods (Mass.)
9 (RLIN) 90144
General subdivision Social life and customs.
942 ## - ADDED ENTRY ELEMENTS (KOHA)
Source of classification or shelving scheme Dewey Decimal Classification
Koha item type Books
Holdings
Lost status Source of classification or shelving scheme Damaged status Not for loan Collection code Permanent Location Current Location Shelving location Date acquired Full call number Date last seen Copy number Koha item type
  Dewey Decimal Classification   Not For Loan Non-fiction Central Library, University of Rajshahi Central Library, University of Rajshahi Reading Room 19/06/2025 818.303 THW 1969 19/06/2025 C-1 Books